Football League to Country - Statistics

General Stats
  • This quiz has been taken 34 times
  • The average score is 21 of 25
Answer Stats
Leauge Name Country % Correct
Premier League England / UK
100%
Serie A Italy
100%
La Liga Spain
100%
MLS USA / Canada
100%
Bundesliga Germany
97%
Eredivisie Netherlands
97%
Allsvenskan Sweden
97%
Österreichische Fußball-Bundesliga Austria
94%
Ligue 1 France
94%
J1 League Japan
94%
Tippeligaen Norway
94%
Jupiler League Belgium
90%
Liga MX Mexico
87%
Liga NOS Portugal
87%
Premjer-Liga Russia
87%
Ekstraklasa Poland
84%
Süper Lig Turkey
84%
Veikkausliiga Finland
81%
Stoiximan.gr Football League Greece
77%
Hyundai A-League Australia
74%
Prva HNL Croatia
74%
Superligaen Denmark
74%
HET liga Czechia
65%
Categoria Primera A / Liga Postobón Colombia
55%
Foussball Nationaldivisioun Luxembourg
32%
No matching quizzes found
Score Distribution
Percent of People with Each Score
Percentile by Number Answered
Your Score History
You have not taken this quiz